ការបំប៉នកូនត្រីពូជក្នុងស្រះ (Record no. 3582)
[ view plain ]
| 000 -LEADER | |
|---|---|
| fixed length control field | 00465nam a22001577a 4500 |
| 003 - CONTROL NUMBER IDENTIFIER | |
| control field | OSt |
| 005 - DATE AND TIME OF LATEST TRANSACTION | |
| control field | 20151118110256.0 |
| 008 - FIXED-LENGTH DATA ELEMENTS--GENERAL INFORMATION | |
| fixed length control field | 151118b xxu||||| |||| 00| 0 eng d |
| 040 ## - CATALOGING SOURCE | |
| Transcribing agency | RUA |
| 082 ## - DEWEY DECIMAL CLASSIFICATION NUMBER | |
| Classification number | FIS ចាន់ 1992 B148 Or.1 |
| 100 ## - MAIN ENTRY--PERSONAL NAME | |
| 9 (RLIN) | 3853 |
| Personal name | ចាន់ រដ្ឋា |
| 245 ## - TITLE STATEMENT | |
| Title | ការបំប៉នកូនត្រីពូជក្នុងស្រះ |
| 260 ## - PUBLICATION, DISTRIBUTION, ETC. (IMPRINT) | |
| Place of publication, distribution, etc. | Phnom Penh |
| Name of publisher, distributor, etc. | RUA |
| Date of publication, distribution, etc. | 1992 |
| 300 ## - PHYSICAL DESCRIPTION | |
| Extent | 65p. |
| Other physical details | ill. |
| Dimensions | 29cm. |
| 942 ## - ADDED ENTRY ELEMENTS (KOHA) | |
| Source of classification or shelving scheme | |
| Koha item type | FIS |
| Price effective from | Date last seen | Permanent Location | Not for loan | Date acquired | Source of classification or shelving scheme | Koha item type | Lost status | Withdrawn status | Date last checked out | Total Checkouts | Shelving location | Damaged status | Barcode | Current Location | Full call number |
|---|---|---|---|---|---|---|---|---|---|---|---|---|---|---|---|
| 2015-11-18 | 2015-11-18 | Library Block B | 2015-11-18 | FIS | B148 | RUA037779 | Library Block B | FIS ចាន់ 1992 B148 Or.1 | |||||||
| 2015-11-18 | 2022-07-22 | Library Block B | 2015-11-18 | FIS | 2022-07-01 | 1 | RUA020967 | Library Block B | FIS ចាន់ 1992 B148 Or.2 | ||||||
| 2015-11-18 | 2015-11-18 | Library Block B | 2015-11-18 | FIS | RUA020746 | Library Block B | FIS ចាន់ 1992 B148 Or.3 | ||||||||
| 2015-11-18 | 2015-11-18 | Library Block B | 2015-11-18 | FIS | RUA020818 | Library Block B | FIS ចាន់ 1992 B148 Or.4 | ||||||||
| 2015-11-18 | 2016-08-16 | Library Block B | 2015-11-18 | FIS | 2016-08-16 | 2 | RUA020394 | Library Block B | FIS ចាន់ 1992 B148 Or.5 |